000 00381nam a2200157Ia 4500
008 230917s9999||||xx |||||||||||||| ||und||
040 _e160443
_aMAIN
041 _aEnglish
082 _a658.3 P213U
100 _aPareek, Udai
245 0 _aUnderstanding organizational behaviour
250 _a2nd ed.
260 _aNew Delhi
_bOxford
_c2004
300 _a798 p.
942 _cBK
999 _c139683
_d139683